Statistiques concernant Alphabet grec

Cliquez ici pour prendre le quiz!

Statistiques générales

  • Ce quiz a été pris 199 fois
  • Le résultat moyen est 19 sur 24

Statistiques - réponses

MajusculesMinusculesNom de la lettreCaractères romaine dérivés% Correct
ΑαAlphaA
100%
Ββ (en début de mot)

-ϐ (en milieu de mot)
BêtaB
99%
δDeltaD
96%
ΩωOmega-
95%
ΕεEpsilonE
90%
ΓγGammaC | G
90%
ΠπPiP
88%
ΖζZêtaZ
86%
ΛλLambdaL
78%
ΡρRhôR
78%
MµMuM
77%
ΝνNuN
76%
Σσ (en début et milieu de mot)

ς (en fin de mot)
SigmaS
74%
IιIotaI | J
73%
ΞξXi (Ksi)X
73%
ΘθThêta-
70%
ΟοOmicronO
69%
ΦϕPhi-
69%
ΚκKappaK
68%
ΗηÊtaH
67%
ΥυUpsilonU | V | W | Y
67%
ΨψPsi-
63%
ΤτTauT
62%
ΧχChi (Ki)-
58%

Distribution des résultats

Percentile par nombre de réponses

% des personnes avec chaque résultat

Votre développement - résultats

Vous n’avez pas pris ce quiz